Subdivisions of Imperial China in 219 AD with a Map - Statistics

General Stats
  • This quiz has been taken 544 times
  • The average score is 17 of 135
Answers on the Map
Answers color-coded by a green-red scale on the quiz's map according to % correct below.
 
Answer Stats
Provinces % Correct
Xi
77%
Wu
66%
Qi
62%
Nan
57%
Chen
48%
Lu
45%
Yan
42%
Ba
36%
Shu
34%
Dong
33%
Wei
33%
Luling
31%
Dai
24%
Henan
24%
Changsha
23%
Zhao
20%
Beidi
19%
Jinan
19%
Liaodong
19%
Rinan
19%
Taiyuan
18%
Liang
15%
Guangling
14%
Hanzhong
14%
Nanhai
14%
Guiyang
13%
Hedong
13%
Jiaozhi
13%
Nanyang
13%
Wuwei
13%
Yizhou
13%
Youbeiping
13%
Bohai
12%
Donghai
12%
Dunhuang
12%
Kuaiji
12%
Liaoxi
12%
Zhongshan
12%
Donglai
11%
Henei
11%
Lelang
11%
Lingling
11%
Pei
11%
Shangdang
11%
Shule
11%
Xiangyang
11%
Zhangye
11%
Beihai
10%
Jibei
10%
Jiujiang
10%
Langya
10%
Longxi
10%
Pengcheng
10%
Wuling
10%
Xuantu
10%
Youfufeng
10%
Yulin
10%
Yuyang
10%
Zangke
10%
Zhuo
10%
Baxi
9%
Cangwu
9%
Danyang
9%
Hejian
9%
Hepu
9%
Hongnong
9%
Jiangxia
9%
Jingzhao
9%
Jinquan
9%
Jiuzhen
9%
Julu
9%
Le'an
9%
Qiao
9%
Runan
9%
Shanggu
9%
Wudu
9%
Xiapi
9%
Yingchuan
9%
Yutian
9%
Yuzhang
9%
Anding
8%
Changshan
8%
Chenliu
8%
Daifang
8%
Guanghan
8%
Jincheng
8%
Jushi
8%
Lujiang
8%
Pingyuan
8%
Shanyang
8%
Taishan
8%
Xihai
8%
Xihe
8%
Yanmen
8%
Yongchang
8%
Zuopingyi
8%
Dongguan
7%
Dongping
7%
Hanyang
7%
Jiyin
7%
Loulan
7%
Poyang
7%
Qiuci
7%
Xindu
7%
Yidu
7%
Boling
6%
Chengyang
6%
Jiangyang
6%
Nanxiang
6%
Rencheng
6%
Shangyong
6%
Xicheng
6%
Xiping
6%
Yinping
6%
Yiyang
6%
Zhuti
6%
Zitong
6%
Anping
5%
Dangqu
5%
Fangling
5%
Ganling
5%
Guling
5%
Hanxing
5%
Jianwei
5%
Laoling
5%
Leping
5%
Licheng
5%
Linchuan
5%
Qichun
5%
Wenshan
5%
Xinxing
5%
Yanqi
5%
Zhangling
5%
Zhangwu
5%
Yuexi
4%
No matching quizzes found
Score Distribution
Percent of People with Each Score
Percentile by Number Answered
Your Score History
You have not taken this quiz